000
00301nam a22001217a 4500
008
140417t xxu||||| |||| 00| 0 eng d
020
_a
0-8247-0376-6
100
_a
Jens T. Carstensen
_9
825
245
_a
Drug Stability
250
_a
Third edition, Revised and Expanded
300
_a
773
942
_2
ddc
_c
BK
999
_c
17072
_d
17072